| 000 | 00758nam a2200229Ia 4500 | ||
|---|---|---|---|
| 003 | GCL | ||
| 008 | 140319s9999 xx 000 0 ara d | ||
| 040 |
_aGCL / _cGCL |
||
| 082 | 0 | 4 |
_a731.9567 _bز ف |
| 100 | 1 | _aزهير صاحب | |
| 245 | 1 | 0 |
_aفن الفخار والنحت الفخارى فى العراق : _bعصور قبل التاريخ / _cزهير صاحب |
| 250 | _aالاولى | ||
| 260 |
_aالاردن : _bدار مكتبة الرائد العلمية ، _c2004 |
||
| 300 |
_a410 ص ؛ _c24 سم |
||
| 650 | 0 | 4 | _aالنحت |
| 650 | 0 | 4 | _aالفخار |
| 650 | 0 | 4 | _aالنحت - تاريخ |
| 650 | 0 | 4 | _aالنحت - الطرق الفنية |
| 650 | 0 | 4 | _aالفخار - تلوين |
| 650 | 0 | 4 | _aنحت الفخار |
| 942 |
_2ddc _cBK |
||
| 999 |
_c8390 _d8390 |
||